The welfare state in Europe : challenges and reforms /

This is an analyis of the main problems in the functioning of the welfare state and possible actions for its reform. Focusing on the European Union, it looks at the achievements and challenges to the welfare state as we enter the 21st century

Enregistré dans:
Détails bibliographiques
Autres auteurs: Buti, Marco, Franco, Daniele, 1953-, Pench, Lucio R., 1957-
Format: Livre
Publié: Cheltenham : Elgar, c1999.
Sujets:
Accès en ligne:https://swbplus.bsz-bw.de/cgi-bin/result_katan.pl?item=bsz079981801inh.htm
Tags: Ajouter un tag
Pas de tags, Soyez le premier à ajouter un tag!

MARC

LEADER 00000cam a22000004a 4500
020 |a 1840640669  |c TZS 35,000/= 
040 |a MUL  |b eng  |e AACR 
082 0 0 |a 361.65094 WEL 
245 0 4 |a The welfare state in Europe :  |b challenges and reforms /  |c edited by Marco Buti, Daniele Franco, Lucio R. Pench. 
260 |a Cheltenham :  |b Elgar,  |c c1999. 
300 |a xvii, 484 p. :  |b ill. ;  |c 24 cm. 
504 |a Includes bibliographical references and index. 
520 |a This is an analyis of the main problems in the functioning of the welfare state and possible actions for its reform. Focusing on the European Union, it looks at the achievements and challenges to the welfare state as we enter the 21st century 
546 |a eng 
650 0 |a Public welfare  |z Europe. 
650 0 |a Welfare state. 
650 0 |a Welfare economics. 
700 1 |a Buti, Marco. 
700 1 |a Franco, Daniele,  |d 1953- 
700 1 |a Pench, Lucio R.,  |d 1957- 
856 |u https://swbplus.bsz-bw.de/cgi-bin/result_katan.pl?item=bsz079981801inh.htm 
942 |c BK 
999 |c 2285  |d 2285